History : (Record no. 5227)

MARC details
000 -LEADER
fixed length control field 01511nam a22003257a 4500
001 - CONTROL NUMBER
control field 5227
003 - CONTROL NUMBER IDENTIFIER
control field FISKH
005 - DATE AND TIME OF LATEST TRANSACTION
control field 20241120113029.0
008 - FIXED-LENGTH DATA ELEMENTS--GENERAL INFORMATION
fixed length control field 241120b cb ||||| |||| 00| 0 eng d
020 ## - INTERNATIONAL STANDARD BOOK NUMBER
International Standard Book Number 9781621450085
040 ## - CATALOGING SOURCE
Original cataloging agency FISKH
Language of cataloging eng
Transcribing agency FISKH
Modifying agency FISKH
050 ## - LIBRARY OF CONGRESS CALL NUMBER
Classification number D10.M374
082 ## - DEWEY DECIMAL CLASSIFICATION NUMBER
Classification number 909
100 ## - MAIN ENTRY--PERSONAL NAME
Personal name Marriott, Emma
245 ## - TITLE STATEMENT
Title History :
Remainder of title All the Facts That Turned Out to Be Myths /
Statement of responsibility, etc. by Emma Marriott
250 ## - EDITION STATEMENT
Edition statement First published in Great Brintain in 2011
260 ## - PUBLICATION, DISTRIBUTION, ETC.
Place of publication, distribution, etc. New York :
Name of publisher, distributor, etc. The Reader's Digest Association, Inc. ;
Date of publication, distribution, etc. 2013.
300 ## - PHYSICAL DESCRIPTION
Extent 191 pages :
Other physical details illustrations ;
Dimensions 21 cm .
490 ## - SERIES STATEMENT
Series statement They Got It Wrong
505 ## - FORMATTED CONTENTS NOTE
Formatted contents note Z <br/>
520 ## - SUMMARY, ETC.
Summary, etc. A fascinating read that debunks the popular myths that have clouded our understanding of historical events. Contents covers a abroad spectrum of world history, from the Roman Empire right up to the twentieth century. Entries include: Was Captain Scott iconic or incompetent? Did Benito Mussolini make the trains run on time? Was the Suffragette movement responsible for securing votes for women in Britain? From the author and publishers of A History of the World in Bite-sized Chunks (sold over 30,000 copies worldwide).
521 8# - TARGET AUDIENCE NOTE
Target audience note 1080 <br/><br/>
Source Lexile estimate <br/>
521 8# - TARGET AUDIENCE NOTE
Target audience note Z <br/>
Source Raz-Plus <br/>
650 ## - SUBJECT ADDED ENTRY--TOPICAL TERM
Topical term or geographic name entry element world history
Form subdivision non-fiction
650 ## - SUBJECT ADDED ENTRY--TOPICAL TERM
Topical term or geographic name entry element historical knowledge
Form subdivision non-fiction
650 ## - SUBJECT ADDED ENTRY--TOPICAL TERM
Topical term or geographic name entry element History and Culture
Form subdivision non-fiction
700 ## - ADDED ENTRY--PERSONAL NAME
Personal name Pinder, Andrew
Relator term illustrator
942 ## - ADDED ENTRY ELEMENTS (KOHA)
Source of classification or shelving scheme Dewey Decimal Classification
Koha item type Books
Suppress in OPAC No
Holdings
Withdrawn status Lost status Source of classification or shelving scheme Damaged status Not for loan Collection Home library Current library Shelving location Date acquired Total Checkouts Full call number Barcode Date due Date last seen Date last checked out Price effective from Koha item type
    Dewey Decimal Classification     Non-Fiction Footprints International School Library Network Toul Tom Poung Campus Footprints International School Library Network Toul Tom Poung Campus TTP Secondary Non-Fiction Bookshelves 11/20/2024 3 MAR 909 D10.M374 FISSE02150 04/14/2026 03/31/2026 03/31/2026 11/20/2024 Books